| 000 | 00799nam a2200277Ia 4500 | ||
|---|---|---|---|
| 003 | OSt | ||
| 005 | 20221006154040.0 | ||
| 006 | a|||||r|||| 00| 0 | ||
| 007 | ta | ||
| 008 | 221006b |||||||| |||| 00| 0 kor d | ||
| 024 | _a34,265 | ||
| 037 |
_bGift, Korea Foundation _cTextual |
||
| 040 |
_aEASL _cEASL _bkor |
||
| 041 |
_2kor _akor |
||
| 082 | _aC15wM79, P4 | ||
| 100 |
_aKim Kyeong Hwa Au. _9666384 |
||
| 245 | 0 |
_aHyeondae Mullihakui Abeoji _b Einstein |
|
| 260 |
_aSeoul _bHonguk Montesori Korea _c2004 |
||
| 300 |
_a32p. _ccm. |
||
| 490 | _v KL | ||
| 650 |
_a German Physicist _9666385 |
||
| 650 | _a KL | ||
| 650 |
_aBiography-Albert Einstein _9666386 |
||
| 942 |
_hC15wM79, P4 _cTEXL _2CC |
||
| 999 |
_c1102351 _d1102351 |
||